00710 2200229 4500001002100000005001700021008004100038035002400079090001900103100001700122245009500139260002900234300003000263500006700293500002500360650003400385850001600419980001500435985000600450986000900456999001500465YOGYA-0209000004438920090227030358.0 ind  0010-020900000044389 a334bDwi AlSK aDWI HARYANTO aAnalisis rentabilitas pada koperasi unit desa Gamping Sleman Yogyakartacoleh Dwi Haryanto aYogyakartab[s.n.]c1995 ax, 59 lembarbilusc30 cm aLaporan akhir Akademi Keuangan dan Perbankan "YIPK" Yogyakarta aBibliografi : lembar aKoperasi Unit Desa - Keuangan aYOPDYOG [B] a27-12-2007 a1 aRuni a07A0027978